000 01765cam a22003618a 4500
001 15911794
005 20101215132145.0
008 090918s19982010nyu | 00| 0 eng d
010 _a 2009038939
020 _a9780273722410 (pbk.)
040 _aDLC
_cDLC
050 0 0 _aHB171
_b.S59 2010
082 0 0 _222
_a330
_bSLO
100 1 _927514
_aSloman, John,
_d1947-
245 1 0 _aEssentials of Economics /
_cJohn Sloman, Dean Garratt.
250 _a5th ed.
260 _aNew York :
_bPrentice Hall/ Pearson,
_cc2010.
263 _a0912
300 _axxxiii, I20, K21, W5, 502 p. :
_bcol. diagram, ill.;
_c24 cm.
650 0 _aEconomics.
_927515
653 _bBus
_cOctober2011
653 _bEco
_cOctober2011
653 _bPol
_cOctober2011
700 1 _aGarratt, Dean,
_d1970-
_927516
856 _3Online source
_uhttp:///www.myeconlab.com
_zFor obtaining access codes please call the Library on Ext. 1372
942 _2ddc
_cBB
999 _c16138
_d16138